000 00772cam a2200253 a 4500
001 j 60002208
003 DLC
005 20260227111518.0
008 120217s1952 ja l 000 0 jpn
010 _aj 60002208
040 _aDLC
_cDLC
_dDLC
042 _apcc
043 _aa-ja---
050 0 0 _aKNX1147
_b.I56 1952
066 _c$1
100 1 _6880-01
_aInoki, Masuo,
_d1911-
245 1 0 _6880-02
_aKaisha kōseihō yōsetsu /
_cInoki Masuo cho.
260 _6880-03
_aTōkyō :
_bGakuyō Shobō,
_c1952.
300 _a2, 7, 287 p. ;
_c22 cm.
650 0 _aCorporate reorganizations
_zJapan.
880 1 _6100-01/$1
_a位野木益雄,
_d1911-
880 1 0 _6245-02
_a会社更生法要說 /
_c位野木益雄著.
880 _6260-03
_a東京 :
_b学陽書房,
_c1952.
999 _c34899
_d34899